000 00637nam a2200229Ia 4500
003 OSt
005 20220926020136.0
006 a|||||r|||| 00| 0
007 ta
008 220923b |||||||| |||| 00| 0 eng d
037 _cGeneral Book
040 _aRTL
_cRTL
_beng
041 _2eng
_aeng
082 _aU21f1.N7, M0
100 _aSnead Rodman E
_9314408
245 0 _aWorld atlas of geomorphic features
260 _aNew York
_bRobert E Krieger Publishing USA
_c1980
300 _aix,301p.
_ccm.
650 _aGeomorphology
942 _hU21f1.N7, M0
_cGB
_2CC
999 _c633386
_d633386